Principles of electrical engineering

Guardat en:
Dades bibliogràfiques
Autor principal: Del Toro, Vincent
Format: Llibre
Idioma:English
Publicat: Englewood Cliffs, N.J. : Prentice Hall, c1965.
Col·lecció:Prentice-Hall electrical engineering series
Matèries:
Etiquetes: Afegir etiqueta
Sense etiquetes, Sigues el primer a etiquetar aquest registre!

MARC

LEADER 00000nam a2200000Ia 4500
003 000431
005 20221231143943.0
008 140114s1965 njua 000 ||eng d
040 |c cru CEDI 
082 |a 621.3 D364p 
100 |a Del Toro, Vincent.  |9 19482 
245 |a Principles of electrical engineering  
260 |a Englewood Cliffs, N.J. : Prentice Hall,   |c c1965. 
300 |a xxii, 775 páginas : ilustraciones ; 24 cm. 
440 |a  Prentice-Hall electrical engineering series   |9 19153 
650 |x INGENIERÍA ELÉCTRICA   |x CIRCUITOS ELECTRICOS  |9 19496 
942 |2 ddc  |c BK 
999 |c 14742  |d 14742